| Tag |
First Indicator |
Second Indicator |
Subfields |
| LEADER |
00000pam a2200000 a 4500 |
| 001 |
in00000096108 |
| 005 |
20150923173955.0 |
| 008 |
810108s1981 caua c 00010 engm |
| 010 |
|
|
|a 80028868
|
| 020 |
|
|
|a 096056201X :
|c $24.95
|
| 020 |
|
|
|a 0960562001 (pbk.) :
|c $14.95
|
| 035 |
|
|
|a (OCoLC)07197426
|
| 035 |
|
|
|9 AAK8502AM
|
| 039 |
0 |
|
|a 2
|b 3
|c 3
|d 3
|e 3
|
| 040 |
|
|
|a DLC
|c DLC
|d m.c.
|d TXA
|d UtOrBLW
|
| 049 |
|
|
|a TXAM
|c [952249]
|
| 050 |
0 |
0 |
|a TR647
|b S845 1981
|
| 082 |
0 |
|
|a 779/.092/4
|2 19
|
| 100 |
1 |
|
|a Stoumen, Louis Clyde.
|
| 245 |
1 |
0 |
|a Ordinary miracles :
|b the photography of Lou Stoumen /
|c photographs and text by Lou Stoumen ; introduction by William A. Ewing.
|
| 264 |
|
1 |
|a Los Angeles :
|b Hand Press,
|c [1981]
|
| 264 |
|
4 |
|c ©1981
|
| 300 |
|
|
|a 101 pages :
|b illustrations ;
|c 31 cm.
|
| 336 |
|
|
|a text
|b txt
|2 rdacontent
|
| 337 |
|
|
|a unmediated
|b n
|2 rdamedia
|
| 338 |
|
|
|a volume
|b nc
|2 rdacarrier
|
| 500 |
|
|
|a Exhibition held Allentown Art Museum, Allentown, Pa., Jan. 18-Mar. 1, 1981; Frederick S. Wight Art Gallery, University of California, Los Angeles, Nov. 22, 1981-Jan. 10, 1982; and International Center of Photography, New York, Apr.-May 1982.
|
| 600 |
1 |
0 |
|a Stoumen, Louis Clyde.
|
| 650 |
|
0 |
|a Photography, Artistic
|v Exhibitions.
|
| 710 |
2 |
|
|a Allentown Art Museum.
|
| 710 |
2 |
|
|a Frederick S. Wight Art Gallery.
|
| 710 |
2 |
|
|a International Center of Photography.
|
| 999 |
|
|
|a MARS
|
| 999 |
f |
f |
|s ca8efdaf-1253-3fcc-adda-5c14f5677cfd
|i 9de1c3e9-be65-3188-9b55-d57a80847bd6
|t 0
|
| 952 |
f |
f |
|p ric
|a Texas A&M University
|b Rellis Campus
|c Joint Library Facility
|d Remote Storage
|t 0
|e TR647 S845 1981
|h Library of Congress classification
|i unmediated -- volume
|m A14806034339
|
| 998 |
f |
f |
|a TR647 S845 1981
|t 0
|l Remote Storage
|